000 00747nam a22002177a 4500
003 OSt
005 20250812071359.0
008 240627b |||||||| |||| 00| 0 eng d
020 _a9715555217
040 _aDWCL-Main Lib.
_cOC
082 _aFil. 370.9599 V831 2005
100 _aBernardo, Allan B.I
245 _aVisions for education :
_bessay on Philippine education in honor of Br. Andrew Gonzalez FSC/
_cAllan B.I Bernardo & Roberto T. Borromeo
260 _aManila, Philippines :
_bDe La Salle University,
_cc2005.
300 _aix, 231 pages :
_billustrations ;
_c23cm.
650 _a1. Education.
651 _a2. Philippines.
700 _aBernardo, Allan B.I
700 _aBorromeo, Roberto B.
942 _2ddc
_cBK - FIL
_kFil.
_n0
999 _c1489
_d1489